Pays de la coupe du monde 2014 - Statistiques

Statistiques générales
  • Ce quiz a été pris 77 081 fois
  • Le résultat moyen est 23 sur 32
Statistiques - réponses
Groupee Team % Correct
Groupe E France
99%
Groupe G Allemagne
97%
Groupe A Brésil
97%
Groupe B Espagne
95%
Groupe F Argentine
94%
Groupe D Italie
91%
Groupe G Portugal
91%
Groupe D Angleterre
87%
Groupe H Algérie
86%
Groupe C Japon
85%
Groupe B Pays-Bas
82%
Groupe E Suisse
81%
Groupe G États-Unis
80%
Groupe H Belgique
79%
Groupe H Russie
79%
Groupe A Mexique
77%
Groupe D Uruguay
77%
Groupe B Australie
76%
Groupe C Colombie
75%
Groupe B Chili
71%
Groupe H Corée du Sud
69%
Groupe A Croatie
67%
Groupe A Cameroun
64%
Groupe F Nigeria
58%
Groupe D Costa Rica
54%
Groupe G Ghana
53%
Groupe C Côte d'Ivoire
52%
Groupe C Grèce
52%
Groupe E Équateur
50%
Groupe E Honduras
49%
Groupe F Iran
44%
Groupe F Bosnie-Herzégovine
31%
Aucun quiz correspondant
Distribution des résultats
% des personnes avec chaque résultat
Percentile par nombre de réponses
Votre historique - résultats
Vous n’avez pas pris ce quiz